000 01438nam a2200349 i 4500
003 DO-SdBNP
005 20260305073959.0
007 ta
008 220509b2009 dr a|||| |||| 00| 0 spa d
020 _z9789945140279
040 _aDO-SdBNP
_bspa
_cBNPHU
_erda
041 _aspa
082 4 _a972.93053
_bG984t 2009
_222
100 1 _aGutiérrez Félix, Euclides,
_d1936-
_95673
_eautor
_4aut.
245 1 0 _aTrujillo :
_bmonarca sin corona /
_cEuclides Gutiérrez Félix ; cuidado de edición, Cándido Gerón.
250 _aCuarta edición ampliada y corregida
264 4 _aSanto Domingo :
_bEditora Corripio,
_c©2009.
300 _a669 páginas :
_bilustraciones ;
_c25 cm.
336 _atexto
_btxt
_2rdacontent
337 _avolumen
_bn
_2rdacarrier
338 _avolumen
_bnc
_2rdacarrier
500 _aIncluye datos biográficos del autor en las solapas e índice onomástico
500 _aIncluye referencias bibliográficas y notas al pie de las paginas
504 _aBibliografía : páginas 647-654
590 _aInventariado, 2022/BT
600 1 4 _aTrujillo Molina, Rafael Leónidas,
_d 1891-1961
_976764
651 4 _aRepública Dominicana
_xHistoria
_yEra de Trujillo, 1930-1961
_xFuentes
_92416
_2LEMB
651 7 _aRepública Dominicana
_xPolítica y gobierno
_yEra de Trujillo, 1930-1961
_2LEMB
700 1 _aGerón, Candido,
_d1948-
_eeditor
_4ed.
_93577
910 _aValidado. Control de calidad. MFF
942 _2ddc
_cLBS1
999 _c51661
_d51661